000 00678nam a22002657a 4500
001 082
003 DO-SdBNP
005 20180126142536.0
007 082
008 151005b198u sp 00| 0 spa d
020 _a8421704354
040 _aBPMSU
_bspa
_cBPMSU
092 _aXXXX
_bXXXX
100 1 _aSimenon, Georges
240 1 0 _aL´ Homme de Londres /
_lfre
245 1 3 _aEl hombre de Londres /
_cGeorges Simenon
260 _aBarcelona :
_bLitografía Rosés,
_c[198u].
300 _a189 p. :
_c18 cm.
490 1 _aEl observador
_v38
830 0 _aEl observador
_n38
910 _a202
942 _2ddc
_cBK
945 _aInventariado, 2018 / YL
956 _aYLOCKWARD
_b10
_cBPMSU
999 _c8509
_d8509